000 00744nam a2200229 a 4500
005 20210223130550.0
008 080729s1982 mx r 000 0 spa d
035 _aUPN01000158410
049 _aUNE
080 _a396 (-77) =20 BAD No.110.
100 1 _aBadran, Hoda
245 1 0 _aWomen of the third world :
_bsome thoughts on improving their situation /
_cHoda Bradan.
260 _aParís :
_bUNESCO :
_aNew York :
_bUNICEF ,
_c1982.
300 _a21 p.
440 0 _aNotes, Comments... ;
_v110.
690 _aMujeres - Tercer mundo - Condición social
690 _aTercer mundo - Mujeres - Condición social
710 2 _aUNICEF
_924085
710 2 _aUNESCO
710 2 _aWFP.
_bPrograma de Alimentación Mundial.
905 _aUNESCO
999 _c130524
_d130524